Transformácia národného hospodárstva v Československej republike po roku 1945 s dôrazom na bankový systém a poisťovníctvo bakalárska práca

Salvato in:
Dettagli Bibliografici
Autore principale: Jusková, Kornélia
Enti autori: Ekonomická univerzita v Bratislave. Národohospodárska fakulta, Univerzita Komenského v Bratislave. Právnická fakulta
Altri autori: Sombati, Ján
Natura: Libro
Lingua:slovacco
Pubblicazione: Bratislava 2021
Tags: Aggiungi Tag
Nessun Tag, puoi essere il primo ad aggiungerne!!

MARC

LEADER 00000nbm a2200000 4500
001 0276624
005 20220503143826.7
041 0 |a slo 
044 |a SK 
245 1 0 |a Transformácia národného hospodárstva v Československej republike po roku 1945 s dôrazom na bankový systém a poisťovníctvo  |b bakalárska práca  |c Kornélia Jusková ; školiteľ: Ján Sombati 
264 1 |a Bratislava  |c 2021 
300 |a 60 s. 
100 1 |a Jusková, Kornélia 
700 1 |a Sombati, Ján 
710 2 |a Ekonomická univerzita v Bratislave. Národohospodárska fakulta 
710 2 |a Univerzita Komenského v Bratislave. Právnická fakulta